000 00611nam a2200229Ia 4500
003 OSt
005 20220918175049.0
006 a|||||r|||| 00| 0
007 ta
008 220917b |||||||| |||| 00| 0 eng d
024 _a15,497
037 _cTextual
040 _aARTS
_cARTS
_beng
041 _2eng
_aeng
082 _aO:1H40:111, H1
100 _aChaucer Geoffrey
_911050
245 0 _aCanterbury tales
_b the prologue ed by Alfred W. Pollard
260 _c1941
650 _aENGLISH LITERATURE
942 _hO:1H40:111, H1
_cTEXL
_2CC
999 _c155895
_d155895